Die hundert wertvollsten deutschen Fußballer - Statistiken

Allgemein
  • Dieses Quiz wurde 238 mal gespielt
  • Das Durchschnittsergebnis liegt bei 42 aus 100
Antwortstatistiken
Platz Marktwert in Millionen Spieler % Korrekt
1 140 Florian Wirtz
97%
2 140 Jamal Musiala
97%
5 50 Joshua Kimmich
93%
6 45 Leroy Sané
90%
10 35 Serge Gnabry
87%
3 75 Kai Havertz
86%
91 6 Thomas Müller
86%
39 15 Marc-André ter Stegen
84%
75 7 Keven Schlotterbeck
82%
7 40 Nico Schlotterbeck
82%
21 24 Antonio Rüdiger
81%
24 22 Leon Goretzka
80%
14 30 Jonathan Tah
77%
19 25 David Raum
72%
38 15 Niklas Füllkrug
72%
16 28 Deniz Undav
69%
49 12 Alexander Nübel
68%
9 35 Julian Brandt
68%
37 15 Robert Andrich
67%
70 7,50 Nick Woltemade
66%
36 15 Niklas Süle
64%
50 12 Tim Kleindienst
64%
35 15 Timo Werner
63%
57 10 İlkay Gündoğan
62%
8 35 Karim Adeyemi
61%
27 20 Maximilian Mittelstädt
61%
11 32 Angelo Stiller
59%
31 18 Chris Führich
59%
82 7 Pascal Groß
59%
80 7 Emre Can
58%
20 24 Waldemar Anton
58%
4 50 Aleksandar Pavlovic
56%
12 30 Maximilian Beier
55%
51 11 Nadiem Amiri
55%
67 8 Robin Gosens
53%
69 8 Matthias Ginter
52%
15 28 Felix Nmecha
51%
30 18 Robin Koch
51%
13 30 Yann Bisseck
48%
32 17 Benjamin Henrichs
47%
18 25 Jonathan Burkardt
47%
26 20 Jamie Leweling
46%
59 9 Marvin Ducksch
46%
54 10 Noah Atubolu
44%
81 7 Maximilian Arnold
41%
33 15 Rocco Reitz
41%
41 12 Tom Bischof
41%
25 20 Malick Thiaw
40%
52 11 Bernd Leno
39%
68 8 Lukas Klostermann
38%
28 18 Paul Wanner
37%
34 15 Thilo Kehrer
37%
45 12 Josha Vagnoman
35%
22 22 Kevin Schade
35%
29 18 Youssoufa Moukoko
35%
17 25 Brajan Gruda
34%
62 8 Nathaniel Brown
34%
73 7 Paul Nebel
34%
40 14 Niklas Beste
32%
90 6 Julian Weigl
31%
55 10 Ansgar Knauff
30%
77 7 Ridle Baku
30%
60 9 Stefan Ortega
29%
46 12 Anton Stach
28%
93 5 Finn Jeltsch
28%
56 10 Maximilian Eggestein
28%
65 8 Robin Hack
28%
63 8 Luca Netz
25%
86 6 Benedict Hollerbach
24%
23 22 Vitaly Janelt
23%
48 12 Jeff Chabot
22%
44 12 Armel Bella-Kotchap
21%
83 6 Eric Martel
21%
53 10 Assan Ouédraogo
20%
42 12 Tom Rothe
20%
61 8,50 Patrick Osterhage
19%
43 12 Merlin Röhl
18%
47 12 Nicolas Kühn
17%
94 5 Nicolò Tresoldi
17%
87 6 Felix Agu
16%
99 5 Phillip Tietz
16%
88 6 Derrick Köhn
15%
78 7 Mergim Berisha
15%
79 7 Hany Mukhtar
14%
100 5 Suat Serdar
13%
96 5 Tim Lemperle
13%
84 6 Bright Arrey-Mbi
12%
85 6 Moritz Jenz
12%
97 5 Ragnar Ache
12%
92 5,50 Marvin Pieringer
11%
76 7 Yannik Engelhardt
11%
98 5 Kai Wagner
10%
89 6 Timon Wellenreuther
10%
74 7 Diant Ramaj
9%
64 8 Jordan Beyer
9%
71 7 Aljoscha Kemlein
8%
66 8 Felix Uduokhai
7%
72 7 Umut Tohumcu
7%
95 5 Anton Kade
6%
58 9 Justin Njimnah
4%
Keine übereinstimmenden Quizze gefunden
Verteilung der Resultate
Anzahl Personen mit jedem Resultat
Perzentil nach korrekt beantworteten Fragen
Ihre Resultats-Entwicklung
Sie haben dieses Quiz noch nicht gespielt